[Event "Civil Service Ch 18th"]
[Site "Leeds"]
[Date "2008.07.24"]
[Round "4.2"]
[White "Wolstencroft, Darryl"]
[Black "Brocklehurst, Andrew"]
[Result "1-0"]
[WhiteElo "2105"]
[BlackElo "1960"]
[PlyCount "75"]
[EventDate "2008.07.23"]
[EventType "swiss"]
[EventRounds "5"]
[EventCountry "ENG"]
[SourceTitle "BritBase"]
[Source "John Saunders"]
[SourceDate "2024.12.03"]
[SourceVersion "1"]
[SourceVersionDate "2024.12.03"]
[SourceQuality "1"]

1. c4 Nf6 2. g3 g6 3. Bg2 Bg7 4. e4 d6 5. Ne2 h5 6. h3 c6 7. Nbc3 e5 8. d4 O-O 9. Be3 Qe7 10. Qd2 Nbd7 11. O-O-O Rb8 12. Bg5 a6 13. g4 b5 14. gxh5 Nb6 15. f4 Nxc4 16. Qd3 Qc7 17. h6 Bh8 18. dxe5 dxe5 19. f5 Qe7 20. h7+ Kxh7 21. Qg3 Qb4 22. Rd2 Nxd2 23. Bxd2 Nh5 24. Qg5 Qd6 25. Bf3 Qf6 26. Qh6+ Kg8 27. Bxh5 Bg7 28. Qe3 b4 29. Na4 Rd8 30. fxg6 fxg6 31. Bg4 Bxg4 32. hxg4 Qe6 33. b3 Qxg4 34. Nc5 a5 35. Rg1 Qh5 36. Ne6 Rd6 37. Nxg7 Kxg7 38. Qa7+ 1-0

[Event "Civil Service Ch 18th"]
[Site "Leeds"]
[Date "2008.07.24"]
[Round "4.3"]
[White "Brusey, Alan W"]
[Black "Lewyk, Ihor"]
[Result "1-0"]
[WhiteElo "1930"]
[BlackElo "1945"]
[PlyCount "59"]
[EventDate "2008.07.23"]
[EventType "swiss"]
[EventRounds "5"]
[EventCountry "ENG"]
[SourceTitle "BritBase"]
[Source "John Saunders"]
[SourceDate "2024.12.03"]
[SourceVersion "1"]
[SourceVersionDate "2024.12.03"]
[SourceQuality "1"]

1. e4 d5 2. exd5 Qxd5 3. Nf3 Nf6 4. c4 Qd8 5. d4 c6 6. Nc3 Bf5 7. Be2 e6 8. Nh4 Bg6 9. Bf4 Bd6 10. Bg3 O-O 11. O-O Bxg3 12. hxg3 Qb6 13. Nxg6 hxg6 14. Qd2 Rd8 15. Rad1 Nbd7 16. g4 Nf8 17. g5 Ne8 18. b3 Qa5 19. g3 Nd6 20. Kg2 Nf5 21. d5 cxd5 22. cxd5 Rac8 23. Bc4 Ne7 24. Rh1 a6 25. Rh2 Nh7 26. Rdh1 Nxd5 27. Rxh7 f5 28. gxf6 Kf7 29. Rxg7+ Kxf6 30. Ne4+ 1-0

[Event "Civil Service Ch 18th"]
[Site "Leeds"]
[Date "2008.07.24"]
[Round "4.4"]
[White "Maxwell, Alistair"]
[Black "Wager, John D"]
[Result "1/2-1/2"]
[WhiteElo "1930"]
[BlackElo "1985"]
[PlyCount "39"]
[EventDate "2008.07.23"]
[EventType "swiss"]
[EventRounds "5"]
[EventCountry "ENG"]
[SourceTitle "BritBase"]
[Source "John Saunders"]
[SourceDate "2024.12.03"]
[SourceVersion "1"]
[SourceVersionDate "2024.12.03"]
[SourceQuality "1"]

1. e4 c5 2. Nf3 Nc6 3. Bb5 g6 4. O-O Bg7 5. Re1 Nf6 6. Nc3 Nd4 7. a4 Nxb5 8. axb5 O-O 9. d4 cxd4 10. Nxd4 d6 11. h3 e5 12. Nf3 h6 13. Be3 Be6 14. Qd2 d5 15. exd5 Nxd5 16. Bxh6 Nxc3 17. Bxg7 Qxd2 18. Nxd2 Kxg7 19. bxc3 Rfc8 20. Rxe5 1/2-1/2

[Event "Civil Service Ch 18th"]
[Site "Leeds"]
[Date "2008.07.24"]
[Round "4.5"]
[White "Baker, Martin"]
[Black "Woods, Timothy J"]
[Result "1/2-1/2"]
[WhiteElo "1735"]
[BlackElo "1640"]
[PlyCount "67"]
[EventDate "2008.07.23"]
[EventType "swiss"]
[EventRounds "5"]
[EventCountry "ENG"]
[SourceTitle "BritBase"]
[Source "John Saunders"]
[SourceDate "2024.12.03"]
[SourceVersion "1"]
[SourceVersionDate "2024.12.03"]
[SourceQuality "1"]

1. Nf3 g6 2. c4 Bg7 3. g3 d6 4. d4 Nf6 5. Bg2 O-O 6. O-O Nc6 7. d5 Na5 8. Nfd2 c5 9. Nc3 a6 10. Qc2 Rb8 11. b3 b5 12. Bb2 bxc4 13. bxc4 Bh6 14. f4 e5 15. dxe6 Bxe6 16. Nd5 Bxd5 17. cxd5 Rxb2 18. Qxb2 Ng4 19. Qa3 Bg7 20. Rab1 Bd4+ 21. Kh1 c4 22. Ne4 Qc7 23. Qxd6 Qxd6 24. Nxd6 Nf2+ 25. Rxf2 Bxf2 26. e4 c3 27. Bf1 Rd8 28. e5 Be3 29. Bd3 f6 30. e6 Kf8 31. Re1 Rxd6 32. Rxe3 Rxd5 33. Bc2 Rc5 34. e7+ 1/2-1/2

[Event "Civil Service Ch 18th"]
[Site "Leeds"]
[Date "2008.07.24"]
[Round "4.6"]
[White "Bowers, Francis J"]
[Black "Thurlow, Kevin J"]
[Result "0-1"]
[WhiteElo "1790"]
[BlackElo "1895"]
[PlyCount "165"]
[EventDate "2008.07.23"]
[EventType "swiss"]
[EventRounds "5"]
[EventCountry "ENG"]
[SourceTitle "BritBase"]
[Source "John Saunders"]
[SourceDate "2024.12.03"]
[SourceVersion "1"]
[SourceVersionDate "2024.12.03"]
[SourceQuality "1"]

1. e4 c5 2. Nf3 e6 3. d4 cxd4 4. Nxd4 Nc6 5. Be3 Nf6 6. Nc3 Qc7 7. a3 a6 8. Be2 Be7 9. O-O O-O 10. Qd2 b5 11. f3 Bb7 12. Kh1 Rad8 13. Nb3 d5 14. exd5 Nxd5 15. Nxd5 Rxd5 16. Qc1 Ne5 17. Nd2 Rc8 18. c3 Ng6 19. f4 Nh4 20. Nf3 Nf5 21. Bd2 Rcd8 22. a4 Rxd2 23. Nxd2 Ne3 24. Rf2 Bh4 25. Rf3 Ng4 26. g3 Be7 27. h3 Qd6 28. Nf1 h5 29. axb5 axb5 30. Ne3 Qd2 31. Qxd2 Rxd2 32. Ra7 Bxf3+ 33. Bxf3 Nf2+ 34. Kg1 Bc5 35. Ra8+ Kh7 36. Nf1 Ng4+ 37. Kh1 Nf2+ 38. Kg1 Nxh3+ 39. Kh1 Nf2+ 40. Kg1 Ng4+ 41. Kh1 Rf2 42. Bg2 Rxb2 43. Rc8 Bf2 44. c4 bxc4 45. Rxc4 Kg6 46. Rc6 Kf6 47. Be4 h4 48. gxh4 Bxh4 49. Bg2 Rb1 50. Rc3 Bf2 51. Rf3 Bb6 52. Bh3 Nf2+ 53. Kg2 Nxh3 54. Kxh3 Re1 55. Kg4 Kg6 56. Kg3 $11 f5 57. Kg2 Re2+ 58. Kg3 Kf6 59. Nh2 Re3 60. Rxe3 Bxe3 61. Kf3 Bg1 62. Nf1 g5 63. fxg5+ Kxg5 64. Ng3 e5 65. Ne2 Bc5 66. Ng3 Bb6 67. Nf1 e4+ 68. Ke2 Ba5 69. Ng3 Kg4 70. Nf1 f4 71. Kf2 Kh3 72. Ne3 Bb6 73. Ke2 Bxe3 74. Kf1 f3 75. Ke1 Kg2 76. Kd1 f2 77. Ke2 f1=Q+ 78. Kxe3 Qd3+ 79. Kf4 e3 80. Kg4 Qe4+ 81. Kg5 e2 82. Kf6 e1=R 83. Kf7 {and black won} 0-1

[Event "Civil Service Ch 18th"]
[Site "Leeds"]
[Date "2008.07.24"]
[Round "4.7"]
[White "Pollock, Andrew"]
[Black "Wedlock, Stephen L"]
[Result "0-1"]
[WhiteElo "1600"]
[BlackElo "1705"]
[PlyCount "38"]
[EventDate "2008.07.23"]
[EventType "swiss"]
[EventRounds "5"]
[EventCountry "ENG"]
[SourceTitle "BritBase"]
[Source "John Saunders"]
[SourceDate "2024.12.03"]
[SourceVersion "1"]
[SourceVersionDate "2024.12.03"]
[SourceQuality "1"]

1. e4 d5 2. exd5 Nf6 3. Nf3 Nxd5 4. d4 e6 5. g3 Be7 6. Bg2 O-O 7. O-O Nc6 8. Re1 Re8 9. c3 Bf8 10. Qe2 g6 11. Ne5 Nxe5 12. Qxe5 Bg7 13. Qe2 e5 14. Bxd5 Qxd5 15. dxe5 Rxe5 16. Qd2 Rxe1+ 17. Qxe1 Bh3 18. f3 Qxf3 19. Qf2 Qd1+ 0-1

[Event "Civil Service Ch 18th"]
[Site "Leeds"]
[Date "2008.07.25"]
[Round "5.1"]
[White "Keil, Andreas"]
[Black "Wolstencroft, Darryl"]
[Result "1/2-1/2"]
[WhiteElo "1985"]
[BlackElo "2105"]
[PlyCount "48"]
[EventDate "2008.07.23"]
[EventType "swiss"]
[EventRounds "5"]
[EventCountry "ENG"]
[SourceTitle "BritBase"]
[Source "John Saunders"]
[SourceDate "2024.12.03"]
[SourceVersion "1"]
[SourceVersionDate "2024.12.03"]
[SourceQuality "1"]

1. Nf3 f5 2. g3 Nf6 3. Bg2 g6 4. O-O Bg7 5. d4 O-O 6. Nbd2 c6 7. c3 d5 8. Ne5 Nbd7 9. Nd3 e5 10. dxe5 Ng4 11. e6 Nde5 12. h3 Nxd3 13. exd3 Ne5 14. Qe2 Re8 15. d4 Nd7 16. Re1 Nf6 17. e7 Qd7 18. Nf1 {(=)} Kf7 19. h4 Ng8 20. Bf4 Rxe7 21. Qd2 b6 22. Rxe7+ Nxe7 23. Re1 Bb7 24. Nh2 c5 1/2-1/2

[Event "Civil Service Ch 18th"]
[Site "Leeds"]
[Date "2008.07.25"]
[Round "5.2"]
[White "Jowett, Peter E"]
[Black "Brusey, Alan W"]
[Result "1-0"]
[WhiteElo "1945"]
[BlackElo "1930"]
[PlyCount "105"]
[EventDate "2008.07.23"]
[EventType "swiss"]
[EventRounds "5"]
[EventCountry "ENG"]
[SourceTitle "BritBase"]
[Source "John Saunders"]
[SourceDate "2024.12.03"]
[SourceVersion "1"]
[SourceVersionDate "2024.12.03"]
[SourceQuality "1"]

1. e4 e6 2. d4 d5 3. Nc3 Bb4 4. e5 c5 5. Bd2 Ne7 6. Nb5 Bxd2+ 7. Qxd2 O-O 8. dxc5 Nd7 9. Nf3 Nc6 10. Qe3 Qa5+ 11. c3 a6 12. Nbd4 Qxc5 13. Bd3 Re8 14. O-O f6 15. exf6 Nxf6 16. Ne5 Nxe5 17. Qxe5 Bd7 18. Rfe1 Rac8 19. Re2 Qc7 20. Qxc7 Rxc7 21. Rae1 Kf7 22. f4 h6 23. Nf3 Bc8 24. Ne5+ Kg8 25. h4 Nd7 26. Nf3 Nc5 27. Bc2 Rf8 28. g3 b5 29. Nd4 Rf6 30. Kh2 h5 31. Nf3 a5 32. a3 Bd7 33. Re5 Na4 34. Bxa4 bxa4 35. Nd4 Rb7 36. R1e2 g6 37. Kg2 Rb6 38. Kf2 Bb5 39. Nxb5 Rxb5 40. Ke1 Kf7 41. Kd1 Ke7 42. Rd2 Kd6 43. Kc1 Rf7 44. Rd4 Rfb7 45. Re2 Rc7 46. Rxa4 Rc4 47. Rxc4 dxc4 48. Re4 Rd5 49. Rxc4 e5 50. fxe5+ Kxe5 51. g4 hxg4 52. Rxg4 Kd6 53. Rxg6+ 1-0

[Event "Civil Service Ch 18th"]
[Site "Leeds"]
[Date "2008.07.25"]
[Round "5.3"]
[White "Wager, John D"]
[Black "Lewyk, Ihor"]
[Result "1/2-1/2"]
[WhiteElo "1985"]
[BlackElo "1945"]
[PlyCount "97"]
[EventDate "2008.07.23"]
[EventType "swiss"]
[EventRounds "5"]
[EventCountry "ENG"]
[SourceTitle "BritBase"]
[Source "John Saunders"]
[SourceDate "2024.12.03"]
[SourceVersion "1"]
[SourceVersionDate "2024.12.03"]
[SourceQuality "1"]

1. Nf3 Nf6 2. b3 g6 3. Bb2 Bg7 4. c4 d6 5. d4 O-O 6. e3 c5 7. Nbd2 Bf5 8. Be2 a5 9. a3 Ne4 10. Nh4 Nxd2 11. Nxf5 gxf5 12. Qxd2 Qb6 13. O-O Nc6 14. d5 Bxb2 15. Qxb2 Ne5 16. f4 Ng6 17. Rad1 a4 18. Rd3 e6 19. h4 Nxh4 20. Kf2 Ng6 21. Rh1 e5 22. g4 fxg4 23. f5 e4 24. Rdd1 g3+ 25. Kxg3 Ne5 26. Kf4 f6 27. Rdg1+ Kh8 28. Bf1 Rf7 29. b4 cxb4 30. Qxb4 Qxb4 31. axb4 Nd3+ 32. Bxd3 exd3 33. Ke4 d2 34. Kd3 Rc7 35. Rh4 b5 36. Kxd2 bxc4 37. Kc3 Re8 38. e4 a3 39. Ra1 Ra8 40. Rh2 Rg8 41. Rxa3 Rg3+ 42. Kb2 Rg4 43. Ra6 Rxe4 44. Rxd6 c3+ 45. Kc2 Rxb4 46. Rd8+ Kg7 47. Rg2+ Kh6 48. Rh2+ Kg7 49. Rg2+ 1/2-1/2

[Event "Civil Service Ch 18th"]
[Site "Leeds"]
[Date "2008.07.25"]
[Round "5.4"]
[White "Brocklehurst, Andrew"]
[Black "Thurlow, Kevin J"]
[Result "1/2-1/2"]
[WhiteElo "1960"]
[BlackElo "1895"]
[PlyCount "29"]
[EventDate "2008.07.23"]
[EventType "swiss"]
[EventRounds "5"]
[EventCountry "ENG"]
[SourceTitle "BritBase"]
[Source "John Saunders"]
[SourceDate "2024.12.03"]
[SourceVersion "1"]
[SourceVersionDate "2024.12.03"]
[SourceQuality "1"]

1. e4 c5 2. Nf3 e6 3. Be2 Nc6 4. O-O Nf6 5. Nc3 d5 6. exd5 Nxd5 7. Nxd5 Qxd5 8. b3 Be7 9. Bb2 O-O 10. Rb1 b6 11. Re1 Bb7 12. Bc4 Qh5 13. Ne5 Qxd1 14. Rbxd1 Rad8 15. Nxc6 1/2-1/2

[Event "Civil Service Ch 18th"]
[Site "Leeds"]
[Date "2008.07.25"]
[Round "5.5"]
[White "Woods, Timothy J"]
[Black "Maxwell, Alistair"]
[Result "1/2-1/2"]
[WhiteElo "1640"]
[BlackElo "1930"]
[PlyCount "30"]
[EventDate "2008.07.23"]
[EventType "swiss"]
[EventRounds "5"]
[EventCountry "ENG"]
[SourceTitle "BritBase"]
[Source "John Saunders"]
[SourceDate "2024.12.03"]
[SourceVersion "1"]
[SourceVersionDate "2024.12.03"]
[SourceQuality "1"]

1. e4 c5 2. Nf3 d6 3. d4 cxd4 4. Nxd4 Nf6 5. Nc3 Nc6 6. Bg5 e6 7. Qd2 Be7 8. O-O-O a6 9. f3 Qc7 10. h4 h6 11. Be3 b5 12. g4 Bb7 13. Rg1 Nd7 14. g5 hxg5 15. Bxg5 Nxd4 1/2-1/2

[Event "Civil Service Ch 18th"]
[Site "Leeds"]
[Date "2008.07.25"]
[Round "5.6"]
[White "Wedlock, Stephen L"]
[Black "Baker, Martin"]
[Result "0-1"]
[WhiteElo "1705"]
[BlackElo "1735"]
[PlyCount "98"]
[EventDate "2008.07.23"]
[EventType "swiss"]
[EventRounds "5"]
[EventCountry "ENG"]
[SourceTitle "BritBase"]
[Source "John Saunders"]
[SourceDate "2024.12.03"]
[SourceVersion "1"]
[SourceVersionDate "2024.12.03"]
[SourceQuality "1"]

1. e4 c5 2. Nf3 e6 3. d4 cxd4 4. Nxd4 Nc6 5. Nc3 a6 6. a3 Qc7 7. Be2 Nf6 8. O-O Nxd4 9. Qxd4 Bc5 10. Qd1 b5 11. g3 Bb7 12. Bf3 d6 13. Qe2 O-O 14. Bf4 Rac8 15. Rfd1 h6 16. Qd2 Rfd8 17. Be3 d5 18. exd5 Nxd5 19. Nxd5 Bxd5 20. Bxd5 Rxd5 21. Qe2 Rxd1+ 22. Rxd1 Bxe3 23. Qxe3 Qxc2 24. Rd2 Qb1+ 25. Kg2 Rc1 26. Rd8+ Kh7 27. Qd3+ Qxd3 28. Rxd3 Rc2 29. b4 Ra2 30. Kf3 e5 31. Ke3 f6 32. h4 h5 33. f4 exf4+ 34. Kxf4 Kg6 35. Rc3 Ra1 36. Rd3 Rc1 37. Kf3 Kf5 38. Rd5+ Ke6 39. Rd3 Ke5 40. Kg2 Ke4 41. Rd6 Rc2+ 42. Kh3 Kf3 43. Rd3+ Kf2 44. Rd6 Rc3 45. Rxa6 Rxg3+ 46. Kh2 Rg4 47. Kh3 Rf4 48. Ra7 g5 49. hxg5 fxg5 0-1

[Event "Civil Service Ch 18th"]
[Site "Leeds"]
[Date "2008.07.25"]
[Round "5.7"]
[White "Pollock, Andrew"]
[Black "Bowers, Francis J"]
[Result "0-1"]
[WhiteElo "1600"]
[BlackElo "1790"]
[PlyCount "54"]
[EventDate "2008.07.23"]
[EventType "swiss"]
[EventRounds "5"]
[EventCountry "ENG"]
[SourceTitle "BritBase"]
[Source "John Saunders"]
[SourceDate "2024.12.03"]
[SourceVersion "1"]
[SourceVersionDate "2024.12.03"]
[SourceQuality "1"]

1. e4 e5 2. Nf3 d6 3. Bc4 Nc6 4. O-O g6 5. d3 Na5 6. Bb3 Nxb3 7. axb3 f5 8. exf5 Bxf5 9. Bg5 Nf6 10. Re1 Kf7 11. Nbd2 h6 12. Be3 a6 13. Nf1 Kg7 14. Ng3 Bg4 15. h3 Bd7 16. Nh2 Be7 17. Qd2 Bc6 18. f3 Qd7 19. Ng4 Nxg4 20. fxg4 Bh4 21. Kh2 h5 22. gxh5 Bxg3+ 23. Kxg3 Rxh5 24. Rh1 Rah8 25. Raf1 Qe7 26. Bf2 Rg5+ 27. Kh2 Rxg2# 0-1